=LDR 00000nam 2200000 4500 =001 INLIS000000000047859 =005 20160223083852.0 =006 =007 =008 =035 ##$$0010-021600000000248 =040 ##$$a NPBDMAT =082 ##$$a R. 351.72 =090 ##$$a R. 351.72 $b Not n0 =245 ##$$a Nota Keuangan dan Undang-Undang RI Nomor 18 Tahun 2006 Tentang Anggaran Pendapatan dan Belanja Negara Tahun Anggaran 2007 =260 ##$$a Jakarta : $b Departemen Keuangan Republik Indonesia, $c 2007 =300 ##$$a 147 hlm $c 28 cm =650 ##$$a Anggaran Pendapatan dan Belanja Negara